000
00483nam a2200181Ia 4500
008
090124s9999 xx 000 0 und d
082
_b
122154
100
_a
वाळिंबे शरदचंद्र
245
_a
धडक
250
_a
1
260
_c
1987
300
_a
208
600
_a
वाळिंबे शरदचंद्र
630
_a
धडक
700
_a
वाळिंबे शरदचंद्र
730
_a
धडक
942
_c
BOOK
999
_c
168240
_d
168240